Normal view MARC view
  • Liturgia-Participación de los Fieles

Entry TÉRMINO TEMÁTICO

Number of records used in: 2

001 - NUMERO DE CONTROL DEL REGISTRO

  • campo de control: 362436

003 - IDENTIFICADOR DEL NUMERO DE CONTROL

  • campo de control: ES-SlBCS

005 - FECHA Y HORA DE LA ULTIMA TRANSACCION

  • campo de control: 20210327230729.0

008 - ELEMENTOS DE LONGITUD FIJA

  • campo de control de longitud fija: 210327|| aca||aabn | a|a d

040 ## - FUENTE DE LA CATALOGACION

  • Agencia que crea de manera original el registro: ES-SlBCS
  • Agencia que realiza la transcripción: ES-SlBCS

150 ## - ENCABEZAMIENTO - TEMÁTICO

  • Encabezamiento temático: Liturgia-Participación de los Fieles

670 ## - FUENTE EN LA QUE SE LOCALIZARON DATOS

  • Cita de la fuente: Work cat.: (ES-SlBCS)795764: Espeja Pardo, Jesús , 1932- 124831, La participación de los fieles en el culto litúrgico, , 1965

Bibliotecas Dominicos Provincia Hispania, 2016

Con tecnología Koha